| 000 | 00862 a2200169 4500 | ||
|---|---|---|---|
| 003 | Nust | ||
| 005 | 20221117131711.0 | ||
| 040 | _cNust | ||
| 082 | _a621.38,HER | ||
| 100 |
_aHerrick Clyde N. _978108 |
||
| 245 |
_aSurvey of electronics / _cClyde N. Herrick |
||
| 260 |
_aMacmillan _bNew York, _c1973 |
||
| 300 |
_aix, 226 p. _billus _c26 cm |
||
| 505 | _aHistory of Electronics (Page-1),The Scientific Method (Page-39), Electronics and the Physical Science (Page-53), Outer Space and the Moon Landings (Page-69), Medical Electronics (Page-96), Usefulness of Mathematics in Electronics (Page-116), Economics Aspects of Electronics (Page-129), Electron Computers (Page-146), Applied Electronics in Crime Prevention and Law Enforcement (Page-159), Military Uses of Electronic Equipment (Page-179). | ||
| 650 |
_aSurvey of electronics _9102856 |
||
| 942 |
_2ddc _cBK |
||
| 999 |
_c181336 _d181336 |
||